| 000 | 01094cam a2200313 a 4500 | ||
|---|---|---|---|
| 001 | 000002082 | ||
| 005 | 20200929145826.0 | ||
| 008 | 841108s1988 mx b 001 f spa d | ||
| 020 | _a9688881945 | ||
| 040 |
_aDO-SdBNP _bspa _cBNPHU |
||
| 041 | 1 | 7 |
_aspa _heng _2Código de idioma MARC |
| 082 |
_a813.4 _bC652e |
||
| 100 | 1 |
_aCoale, Samuel. _96697 |
|
| 240 | 1 | 0 |
_aIn Hawthorne's shadow. _lEspañol |
| 245 | 1 | 0 |
_aEn la sombra de Hawthorne : _bel romanticismo americano desde Melville Mailer / _cSamuel Chase Coale. |
| 260 |
_aMéxico : _bPrisma, _c1988. |
||
| 300 |
_a245 p. ; _c23 cm. |
||
| 534 |
_pTítulo original: _tIn Howthorne's shadow : American romance from Melville to Mailer. |
||
| 504 | _aBibliografía: p. 191-192 | ||
| 500 | _aIncluye índice. | ||
| 650 | 4 |
_aNovela estadounidense _9262 |
|
| 650 | 4 |
_aLiteratura estadounidense _9263 |
|
| 600 | 1 | 0 |
_aHAWTHORNE, NATHANIEL, _d1804-1864 _xINFLUENCIA _96698 |
| 650 | 4 |
_aRomanticismo _zEstados Unidos _96699 |
|
| 650 | 4 |
_aManiqueísmo _96700 |
|
| 910 | _aJornada de catalogación | ||
| 910 | _aCatalogación derivada | ||
| 910 | _aWM | ||
| 999 |
_c1942 _d1942 |
||